| 000 | 00486nam a22001817a 4500 | ||
|---|---|---|---|
| 003 | CEME | ||
| 005 | 20210628202204.0 | ||
| 008 | 210209b xxu||||| |||| 00| 0 eng d | ||
| 020 | _a0-8247-2447-X | ||
| 040 | _c. | ||
| 082 | _a621.38152 ENG | ||
| 100 |
_aKnystautas , Emile _958656 |
||
| 245 | _aEngineering thin films and nanostructures with ion beams | ||
| 260 |
_aNEW YORK _bCRC PRESS _c2005 |
||
| 300 | _a574P | ||
| 650 |
_aTHIN FILMS.NANOSTRUCTURES. _958657 |
||
| 942 |
_cBK _2ddc |
||
| 999 |
_c568804 _d568804 |
||